Score 0/20 Timer 03:00
0 Plays Today
Nobel Prize Winners Missing Word % Correct
___ Einstein - PhysicsAlbert
99.5%
___ Rutherford - PhysicsErnest
88%
Irène Joliot-___ - ChemistryCurie
87.7%
Kenneth ___ - PhysicsWilson
85.2%
___ Kissinger - PeaceHenry
82.9%
___ Atomic Energy Agency - PeaceInternational
74.1%
___ Golding - LiteratureWilliam
58.3%
Aage ___ - PhysicsBohr
56.1%
Linda ___ - MedicineBuck
48.1%
___ Sholokhov - LiteratureMikhail
44.9%
Nobel Prize Winners Missing Word % Correct
___ Planck - PhysicsMax
41%
___ Lippmann - PhysicsGabriel
33.3%
Jerome ___ - PhysicsFriedman
30.8%
___ Watson - MedicineJames
22.6%
___ Grass - LiteratureGünter
20.6%
___ Ramos-Horta - PeaceJosé
19.3%
___ Millikan - PhysicsRobert
13.3%
Alfred ___ - ChemistryWerner
12.5%
___ Molina - ChemistryMario
10%
J. J. ___ - PhysicsThomson
5.7%

Today's Daily Dose

Remove Ads.
Support Sporcle.
Get the best of Sporcle when you Go Orange. This ad-free experience offers more features, more stats, and more fun while also helping to support Sporcle. Thank you for becoming a member.

You're not logged in!

Compare scores with friends on all Sporcle quizzes.
OR
Log In

Show Comments

Extras

Top Quizzes Today


Score Distribution

Your Account Isn't Verified!

In order to create a playlist on Sporcle, you need to verify the email address you used during registration. Go to your Sporcle Settings to finish the process.

Report this User

Report this user for behavior that violates our Community Guidelines.

Details: